100 de Años de Arquitectura Paceña / (Record no. 6269)

MARC details
000 -LEADER
campo de control de longitud fija 00367nam a2200145Ia 4500
005 - FECHA Y HORA DE LA ÚLTIMA TRANSACCIÓN
campo de control 20260325234754.0
008 - DATOS DE LONGITUD FIJA--INFORMACIÓN GENERAL
campo de control de longitud fija 260325s9999||||xx |||||||||||||| ||und||
082 ## - NÚMERO DE LA CLASIFICACIÓN DECIMAL DEWEY
Número de clasificación 720.72
100 ## - ENTRADA PRINCIPAL--NOMBRE DE PERSONA
Nombre de persona de Mesa, José
245 #0 - MENCIÓN DEL TÍTULO
Título 100 de Años de Arquitectura Paceña /
Mención de responsabilidad, etc. José de Mesa
260 ## - PUBLICACIÓN, DISTRIBUCIÓN, ETC.
Nombre del editor, distribuidor, etc. Educacional
300 ## - DESCRIPCIÓN FÍSICA
Extensión 356 p.
650 ## - PUNTO DE ACCESO ADICIONAL DE MATERIA--TÉRMINO DE MATERIA
Término de materia o nombre geográfico como elemento de entrada ARQUITECTURA REGIONAL
942 ## - ELEMENTOS DE ENTRADA SECUNDARIOS (KOHA)
Tipo de ítem Koha Libros
Holdings
Estatus retirado Estado de pérdida Estado de daño No para préstamo Colección Biblioteca de origen Biblioteca actual Ubicación en estantería Fecha de adquisición Fuente de adquisición Total de préstamos Signatura topográfica completa Código de barras Visto por última vez Fecha del último préstamo Precio de reemplazo Tipo de ítem Koha
        General Biblioteca Gonzalo Peláez Caldas Biblioteca Gonzalo Peláez Caldas Colección general 26/03/2026 Compra 1 720.72 D 3947 1 26/03/2026 26/03/2026 26/03/2026 Libros